Six Letter Geography - J - Statistics

General Stats
  • This quiz has been taken 43 times
  • The average score is 7 of 10
Answer Stats
Hint Answer % Correct
Middle Eastern country named after a river Jordan
100%
Major island in the English channel Jersey
90%
River that the above was named for {Jordan} River
88%
Capital city of Alaska Juneau
88%
One of the largest cities in Saudi Arabia Jeddah
79%
Period of different life forms such as dinosaurs {Jurass}ic Era
79%
Capital of Rajasthan, India Jaipur
67%
Major Mexican border city Ciudad {Juárez}
60%
Biblical leader who succeeded Moses Joshua
38%
One of the departments of Guatemala Jalapa
7%
No matching quizzes found
Score Distribution
Percent of People with Each Score
Percentile by Number Answered
Your Score History
You have not taken this quiz